| Tag |
First Indicator |
Second Indicator |
Subfields |
| LEADER |
00000cam a22000004a 4500 |
| 001 |
in00003401521 |
| 006 |
m d |
| 007 |
cr |||||||nn|n |
| 008 |
120629s2012 mau o d eng d |
| 005 |
20260608205318.2 |
| 010 |
|
|
|z 2012026788
|
| 020 |
|
|
|a 9781613762172
|
| 020 |
|
|
|a 1613762178
|
| 020 |
|
|
|z 9781558499690 (pbk. : alk. paper)
|
| 020 |
|
|
|z 9781558499683 (library cloth : alk. paper)
|
| 020 |
|
|
|z 1558499687
|
| 035 |
|
|
|a (MdBmJHUP)muse9781613762172
|
| 040 |
|
|
|a MdBmJHUP
|c MdBmJHUP
|d UtOrBLW
|
| 043 |
|
|
|a n-us---
|a n-us-tn
|
| 050 |
0 |
0 |
|a ML421.P755
|b D68 2012
|
| 100 |
1 |
|
|a Dougan, John M.,
|d 1954-
|
| 245 |
1 |
4 |
|a The mistakes of yesterday, the hopes of tomorrow :
|b the story of the Prisonaires /
|c John Dougan.
|
| 264 |
|
1 |
|a Amherst :
|b University of Massachusetts Press,
|c [2012]
|
| 264 |
|
4 |
|c ©2012
|
| 300 |
|
|
|a 1 online resource (144 pages)
|
| 336 |
|
|
|a text
|b txt
|2 rdacontent
|
| 337 |
|
|
|a computer
|b c
|2 rdamedia
|
| 338 |
|
|
|a online resource
|b cr
|2 rdacarrier
|
| 490 |
1 |
|
|a American popular music
|
| 504 |
|
|
|a Includes bibliographical references and index.
|
| 588 |
|
|
|a Description based on print version record.
|
| 500 |
|
|
|a Electronic resource.
|
| 610 |
2 |
0 |
|a Prisonaires (Musical group)
|
| 650 |
|
0 |
|a Popular music
|z Tennessee
|z Nashville
|x History and criticism.
|
| 650 |
|
0 |
|a Music in prisons
|z United States.
|
| 650 |
|
0 |
|a Prisoners
|z Tennessee
|v Biography.
|
| 650 |
|
0 |
|a African American prisoners
|z Tennessee
|v Biography.
|
| 650 |
|
0 |
|a Singers
|z United States
|v Biography.
|
| 650 |
|
0 |
|a African American singers
|v Biography.
|
| 650 |
|
0 |
|a Vocal groups
|z United States.
|
| 655 |
|
7 |
|a Electronic books.
|2 local
|
| 830 |
|
0 |
|a American popular music.
|
| 856 |
4 |
0 |
|u http://proxy.library.tamu.edu/login?url=https://muse.jhu.edu/books/9781613762172/
|z Connect to the full text of this electronic book
|t 0
|
| 999 |
|
|
|a MARS
|
| 999 |
f |
f |
|s e22b720e-dd88-3421-a931-969845534aae
|i 3dcefa1c-3f10-3af1-9a3a-947c11468dba
|t 0
|
| 952 |
f |
f |
|a Texas A&M University
|b College Station
|c Electronic Resources
|s www_evans
|d Available Online
|t 0
|e ML421.P755 D68 2012
|h Library of Congress classification
|
| 998 |
f |
f |
|a ML421.P755 D68 2012
|t 0
|l Available Online
|